| 000 | 00900nam a2200265 i 4500 | ||
|---|---|---|---|
| 001 | 000037918 | ||
| 003 | DO-SdBNP | ||
| 005 | 20250120110508.0 | ||
| 007 | ta | ||
| 008 | 130308s2007 dr ac 000 0 spa d | ||
| 040 |
_aDO-SdBNP _bspa _cBNPHU _erda |
||
| 082 | _222 | ||
| 100 | 1 |
_aSantos, Rafael, _d1968- _eautor _943510 |
|
| 245 | 1 | 0 |
_aTestimonio del 1j4 : _bsalcedo y su participación / _cRafael Jiovanny Santos. |
| 250 | _asegunda edición | ||
| 264 |
_aSanto Domingo : _bImpresos F y M, _c2007. |
||
| 300 |
_a68 páginas : _bilustraciones, retratos ; _c22 cm. |
||
| 336 |
_2rdacontent _atexto _btxt |
||
| 337 |
_2rdamedia _asin mediación _bn |
||
| 338 |
_2rdacarrier _avolumen _bnc |
||
| 500 | _aIncluye datos biográficos del autor en la contracubierta | ||
| 500 | _aIncluye referencias bibliográficas y notas al pie de las páginas | ||
| 590 | _aInventariado, 2024/BT | ||
| 942 |
_2ddc _cLBS1 |
||
| 999 |
_c37408 _d37408 |
||